| 000 | 00453nam a2200169Ia 4500 | ||
|---|---|---|---|
| 003 | GCL | ||
| 008 | 140319s9999 xx 000 0 eng d | ||
| 040 |
_aGCL / _cGCL |
||
| 082 | 0 | 4 |
_a720 _bD V |
| 100 | 1 | _aDORLING, KINDERSLEY | |
| 245 | 1 | 0 |
_aTHE VISUAL DICTIONARY OF BUILDINGS / _cDORLING, KINDERSLEY |
| 260 |
_a[S.N] : _bDARLING KINDERSLEY ، _c1993 |
||
| 300 | _a64 P | ||
| 650 | 0 | 4 | _aBUILDINGS |
| 650 | 0 | 4 | _aBUILDINGS ARCHITECTURE |
| 942 |
_2ddc _cBK |
||
| 999 |
_c11327 _d11327 |
||